000 00408nam a2200133Ia 4500
008 231221s9999 xx 000 0 und d
020 _a978-0-387-09655-1
041 _aEnglish
100 _aMike Hinchey, Anastasia Pagnoni, Franz J. Rammig, Hartmut Schmeck
245 0 _aBiologically-Inspired Collaborative Computing
260 _c2008
_bSpringer US
_aNew York
650 _aComputer Science
942 _cEB
999 _c217945
_d217945